| 000 | 01421cac a22003131u 4500 | ||
|---|---|---|---|
| 090 | _c6288 | ||
| 008 | 090105t 1996xxu||||| |||| 00| 0 eng d | ||
| 010 | _a95018497 | ||
| 020 | _a0256166013 | ||
| 020 | _a0071149449 | ||
| 020 | _a0256166064 (annotated instructor's ed.) | ||
| 082 | 0 | 0 |
_a658.049 _bBAL |
| 100 | _aBall, Donald A. | ||
| 245 | 1 | 0 |
_aInternational Business : _bThe Challenge of Global Competition / _cDonald A. Ball, Wendell H. McCulloch, Jr. |
| 250 | _a6th ed. | ||
| 260 |
_aChicago : _bIrwin, _cc1996. |
||
| 260 | _bDistributer: Al-Ahram. | ||
| 300 |
_axxv, 773 p. : _bill. (some col.), col. maps ; _c29 cm. |
||
| 500 | _aColored map on endpapers. | ||
| 500 | _aOne folded color map inserted. | ||
| 504 | _aIncludes bibliographical references (p. 717-736) and indexes. | ||
| 650 | 0 |
_aInternational business enterprises _xManagement. |
|
| 650 | 0 | _aInternational business enterprises. | |
| 650 | 0 | _aInternational economic relations. | |
| 700 | 1 | _aMcCullogh, Wendell H. | |
| 942 |
_cBB _k658.049BAL _2ddc |
||
| 999 |
_c6288 _d6288 |
||